000 00331nam a22001457a 4500
008 221205b ||||| |||| 00| 0 eng d
020 _a9780134434681
041 _aeng
080 _2SIXTH EDITION
_a51
082 _a51 PIR
100 _a20.1
101 _aMATE
245 _aMATHEMATICS ALL AROUND
_cPIRNOT TH
942 _2udc
_cBK
999 _c59091
_d59091